[Event "TUR-chT Clubs"]
[Site "Konya"]
[Date "2019.07.21"]
[Round "9.11"]
[White "Akin, Batikan Aybey"]
[Black "Tuncer, Orcun Ege"]
[Result "1-0"]
[WhiteElo "1610"]
[BlackElo "1626"]
[PlyCount "37"]
[EventDate "2019.07.16"]
[EventType "team-swiss"]
[EventRounds "9"]
[EventCountry "TUR"]
[SourceTitle "CBM 191 Extra"]
[Source "ChessBase"]
[SourceDate "2019.09.30"]
[SourceVersion "1"]
[SourceVersionDate "2019.09.30"]
[SourceQuality "1"]
[WhiteTeam "Mugla Mentese Merkez"]
[BlackTeam "Nazilli Belediyesi"]
[WhiteTeamCountry "TUR"]
[BlackTeamCountry "TUR"]

1. e4 c5 2. Nf3 Nc6 3. d4 cxd4 4. Nxd4 g6 5. Be3 Bg7 6. Nc3 Nf6 7. Bc4 Qa5 8. Nxc6 bxc6 9. 0-0 0-0 10. Re1 Qb4 11. Bb3 Nxe4 12. Nxe4 Qxe4 13. Bc5 Qf5 14. Bxe7 Re8 15. Qd6 Bxb2 16. Bf6 Bb7 17. Bxb2 a5 18. Qd4 Rxe1+ 19. Rxe1 1-0

[Event "TUR-chT Clubs"]
[Site "Konya"]
[Date "2019.07.17"]
[Round "3.8"]
[White "Gurses, Ayberk"]
[Black "Tuncer, Orcun Ege"]
[Result "1-0"]
[WhiteElo "1770"]
[BlackElo "1626"]
[PlyCount "147"]
[EventDate "2019.07.16"]
[EventType "team-swiss"]
[EventRounds "9"]
[EventCountry "TUR"]
[SourceTitle "CBM 191 Extra"]
[Source "ChessBase"]
[SourceDate "2019.09.30"]
[SourceVersion "1"]
[SourceVersionDate "2019.09.30"]
[SourceQuality "1"]
[WhiteTeam "Sungurlu Egitim Genclik"]
[BlackTeam "Nazilli Belediyesi"]
[WhiteTeamCountry "TUR"]
[BlackTeamCountry "TUR"]

1. e4 c5 2. Nf3 Nc6 3. d4 cxd4 4. Nxd4 g6 5. c4 Bg7 6. Be3 Nf6 7. Nc3 d6 8. Be2 Bd7 9. Qd2 Nxd4 10. Bxd4 0-0 11. 0-0 Bc6 12. f3 a5 13. b3 Nd7 14. Be3 Nc5 15. Rab1 Re8 16. a3 Qc7 17. Bd1 Rec8 18. Bc2 Rf8 19. Rfd1 Nd7 20. h3 b6 21. Bf2 Rfb8 22. a4 Nc5 23. Re1 Ra7 24. Rbd1 Rf8 25. Re2 Na6 26. Qe3 Rb7 27. Bh4 Nb4 28. Bb1 Re8 29. Rde1 e6 30. Bg3 Qd8 31. Nb5 Bxb5 32. axb5 e5 33. Rd1 g5 34. Be1 Re6 35. Bxb4 axb4 36. Ra2 Rb8 37. Bc2 Qc7 38. Rd5 Bh6 39. g4 f6 40. Qd2 Bf8 41. Qxb4 Ree8 42. Ra6 Ra8 43. Qa4 Qb7 44. Rd1 Qc8 45. Kf1 Rb8 46. Ke2 Qc5 47. Qa1 Rec8 48. Rd5 Qc7 49. Ke1 h6 50. Bd3 Rb7 51. Be2 Be7 52. Qa3 Kf7 53. b4 Kg6 54. Rd2 Rh8 55. Ra2 Kf7 56. Qd3 Kg7 57. Qd5 Rhb8 58. Kd2 Rc8 59. Ke3 Rcb8 60. Qc6 Rc8 61. Qd5 Rcb8 62. Rd2 Ra7 63. Bd3 Rab7 64. Rda2 Rc8 65. Ra8 Rcb8 66. Qc6 Rxa8 67. Rxa8 Qd7 68. Qd5 Bf8 69. Bc2 Ra7 70. Bb3 Qb7 71. Rxa7 Qxa7 72. c5 Kg6 73. Qg8+ Qg7 74. Bf7# 1-0

[Event "TUR-chT Clubs"]
[Site "Konya"]
[Date "2019.07.17"]
[Round "2.10"]
[White "Tuncer, Orcun Ege"]
[Black "Kilic, Eray"]
[Result "1-0"]
[WhiteElo "1626"]
[BlackElo "1931"]
[PlyCount "85"]
[EventDate "2019.07.16"]
[EventType "team-swiss"]
[EventRounds "9"]
[EventCountry "TUR"]
[SourceTitle "CBM 191 Extra"]
[Source "ChessBase"]
[SourceDate "2019.09.30"]
[SourceVersion "1"]
[SourceVersionDate "2019.09.30"]
[SourceQuality "1"]
[WhiteTeam "Nazilli Belediyesi"]
[BlackTeam "Bitlis Ihtisas Egitim"]
[WhiteTeamCountry "TUR"]
[BlackTeamCountry "TUR"]

1. d4 f5 2. c4 Nf6 3. Nc3 e6 4. Nf3 d5 5. Bf4 c6 6. e3 Bd6 7. Bxd6 Qxd6 8. Qb3 0-0 9. Ne5 Nbd7 10. f4 Ne4 11. Nxe4 fxe4 12. Nxd7 Bxd7 13. Be2 b6 14. Rd1 g5 15. 0-0 gxf4 16. exf4 Kh8 17. Qe3 Rf6 18. c5 Qe7 19. Bg4 Rg8 20. Bh3 Qg7 21. cxb6 axb6 22. g3 h5 23. Rd2 Qh6 24. Rdf2 Rfg6 25. Kh1 Bc8 26. b3 h4 27. g4 e5 28. dxe5 Bxg4 29. Bxg4 Rxg4 30. Rc2 c5 31. b4 h3 32. bxc5 Rg2 33. Rc3 R2g4 34. f5 R4g5 35. cxb6 Qh7 36. f6 d4 37. Qxd4 e3 38. Qxe3 Qb7+ 39. Qf3 Rf5 40. Rc4 Rg6 41. Rc8+ Qxc8 42. Qxf5 Qc6+ 43. Qf3 1-0

[Event "TUR-chT 2nd League"]
[Site "Konya"]
[Date "2018.07.21"]
[Round "8.17"]
[White "Tuncer, Orcun Ege"]
[Black "Kabakli, Siar"]
[Result "1/2-1/2"]
[WhiteElo "1626"]
[BlackElo "1738"]
[PlyCount "64"]
[EventDate "2018.07.16"]
[EventType "team-swiss"]
[EventRounds "9"]
[EventCountry "TUR"]
[SourceTitle "EXT 2019"]
[Source "ChessBase"]
[SourceDate "2018.10.10"]
[SourceVersion "1"]
[SourceVersionDate "2018.10.10"]
[SourceQuality "1"]
[WhiteTeam "Ayidin Nazilli Belediyesi"]
[BlackTeam "Serenler Egitim"]
[WhiteTeamCountry "TUR"]
[BlackTeamCountry "TUR"]

1. e4 d5 2. exd5 Qxd5 3. Nc3 Qd6 4. Nf3 c6 5. d4 Nf6 6. Be2 Bg4 7. h3 Bh5 8. 0-0 Nbd7 9. Be3 e6 10. Qd2 Qc7 11. Rad1 Bd6 12. Ng5 Bxe2 13. Qxe2 0-0 14. Qf3 h6 15. Nge4 Be7 16. b3 Nd5 17. Ne2 N7f6 18. c4 Nxe4 19. Qxe4 Nxe3 20. fxe3 Rad8 21. Rf3 c5 22. Rdf1 cxd4 23. exd4 Qc6 24. Qg4 f5 25. Qg3 Qe4 26. Re3 Qc6 27. d5 Qb6 28. Kh1 Bd6 29. Qf3 e5 30. Rc3 g6 31. g3 Kg7 32. Kg2 Kh7 1/2-1/2

[Event "TUR-chT 2nd League"]
[Site "Konya"]
[Date "2017.07.18"]
[Round "3.12"]
[White "Tuncer, Orcun Ege"]
[Black "Selvi, Kaan"]
[Result "0-1"]
[WhiteElo "1677"]
[BlackElo "1826"]
[PlyCount "86"]
[EventDate "2017.07.17"]
[EventType "team-swiss"]
[EventRounds "9"]
[EventCountry "TUR"]
[SourceTitle "CBM 179 Extra"]
[Source "ChessBase"]
[SourceDate "2017.08.23"]
[SourceVersion "1"]
[SourceVersionDate "2017.08.23"]
[SourceQuality "1"]
[WhiteTeam "Ayidin Nazilli Belediyesi"]
[BlackTeam "Ordu Gul Bahcesi"]
[WhiteTeamCountry "TUR"]
[BlackTeamCountry "TUR"]

1. e4 g6 2. Nf3 Bg7 3. Nc3 c5 4. Bc4 Nc6 5. 0-0 d6 6. h3 Nf6 7. Re1 0-0 8. d3 a6 9. a4 Na5 10. Nd5 Nxe4 11. Ba2 Nf6 12. Nxe7+ Kh8 13. Ng5 d5 14. Qf3 Be6 15. Nxe6 Qxe7 16. Bd2 fxe6 17. Bxa5 Ne4 18. Qg4 Nxf2 19. Qxe6 Qg5 20. Bc3 d4 21. Ba5 Rf6 22. Qd7 Raf8 23. Be6 Qh4 24. Bd8 Bh6 25. Bxf6+ Qxf6 26. Bd5 Be3 27. Rxe3 dxe3 28. Bf3 Qg5 29. Be2 Qg3 30. Rf1 g5 31. Ra1 Nxh3+ 32. Qxh3 Qf2+ 33. Kh2 Qxe2 34. Qh6 Qf2 35. Re1 Qf4+ 36. g3 Qf2+ 37. Kh3 Qf5+ 38. Kh2 Rf6 39. Qh5 Qf2+ 40. Kh3 Qf5+ 41. Kh2 Qf2+ 42. Kh3 Rg6 43. Qe2 g4+ 0-1